I survived (Record no. 4226)

MARC details
000 -LEADER
fixed length control field 00373nam a22001457a 4500
008 - FIXED-LENGTH DATA ELEMENTS--GENERAL INFORMATION
fixed length control field 250709b |||||||| |||| 00| 0 eng d
020 ## - INTERNATIONAL STANDARD BOOK NUMBER
ISBN 9781529020373
100 ## - MAIN ENTRY--AUTHOR
Author Cilliers Victoria
245 ## - TITLE STATEMENT
Title I survived
260 ## - PUBLICATION, DISTRIBUTION, ETC. (IMPRINT)
Place of publication London
Name of publisher Pan McMillan
Date of publication 2020
300 ## - COLLATION
Pagination 278
Other physical details ill.
650 ## - TRACINGS
Main Subject Story telling
Subdivision (1st) Oral interpretation
942 ## - ADDED ENTRY ELEMENTS (KOHA)
Item type Books
050 ## - LIBRARY OF CONGRESS CALL NUMBER
Classification number PN4193.15
Item number .C55
Holdings
Source of classification or shelving scheme Not for loan Permanent location Current location Date acquired Accession No. Full call number Barcode. Koha item type
Library of Congress Classification   Samuel Ogbemudia Main Library, University of Abuja Samuel Ogbemudia Main Library, University of Abuja 07/09/2025 2024/64347 PN4193.15.C55 2025-2975 Books